| 000 | 00438nam a22001817a 4500 | ||
|---|---|---|---|
| 003 | DO-SdBNP | ||
| 005 | 20171205092547.0 | ||
| 008 | 171122b sp||||| |||| 00| 0 spa d | ||
| 020 | _a8472916766 | ||
| 040 |
_aBPMSU _bspa _cBPMSU |
||
| 100 | 1 | _aKafka, Franz | |
| 245 | 1 | 0 | _aAmérica |
| 260 |
_aMadrid : _bSarpe _c1984 |
||
| 300 |
_a221 p, _c23 cm |
||
| 942 |
_2ddc _cBK |
||
| 945 | _ainventariado extranjero / DG | ||
| 956 |
_adgarcia _b10 |
||
| 999 |
_c13022 _d13022 |
||